[Event "Chigorin Memorial 23rd"]
[Site "St Petersburg"]
[Date "2015.10.09"]
[Round "7"]
[White "Ngnegevo, Filipp"]
[Black "Zaykov, Sergey"]
[Result "1/2-1/2"]
[WhiteElo "1937"]
[BlackElo "2210"]
[PlyCount "107"]
[EventDate "2015.10.03"]
[EventType "swiss"]
[EventRounds "9"]
[EventCountry "RUS"]
[SourceTitle "CBM 168 Extra"]
[Source "ChessBase"]
[SourceDate "2015.10.29"]
[SourceVersion "1"]
[SourceVersionDate "2015.10.29"]
[SourceQuality "1"]

1. e4 Nf6 2. e5 Nd5 3. d4 d6 4. Nf3 Bg4 5. Be2 c6 6. h3 Bxf3 7. Bxf3 dxe5 8. dxe5 e6 9. 0-0 Nd7 10. Re1 Qc7 11. c4 Ne7 12. Qe2 Ng6 13. Bh5 Bc5 14. Bxg6 hxg6 15. Bd2 Rh5 16. Bc3 Rf5 17. Rf1 0-0-0 18. b4 Be7 19. Re1 Nxe5 20. Bxe5 Rxe5 21. Qxe5 Qxe5 22. Rxe5 Rd1+ 23. Kh2 Bf6 24. f4 g5 25. g3 gxf4 26. gxf4 g5 27. Rxg5 Bxa1 28. Na3 e5 29. Nc2 Bb2 30. fxe5 Rd2+ 31. Rg2 Bxe5+ 32. Kg1 Rd1+ 33. Kf2 Rh1 34. Ke2 Rxh3 35. Rg8+ Kd7 36. Rf8 Ke6 37. Ra8 Rc3 38. Kd2 Rxc4 39. Rxa7 b5 40. a4 bxa4 41. Rxa4 f5 42. Ra6 Kd7 43. Ra5 Kd6 44. Ra6 Kc7 45. Ra5 Kd6 46. Ra6 Ke7 47. Ne3 Rxb4 48. Rxc6 Bf4 49. Ke2 Re4 50. Rc3 Kf6 51. Kf3 Kg5 52. Nd5 Be5 53. Re3 Rxe3+ 54. Nxe3 1/2-1/2

[Event "Chigorin Memorial 22nd"]
[Site "St Petersburg"]
[Date "2014.10.26"]
[Round "9"]
[White "Ngnegevo, Filipp"]
[Black "Dobrovlyanskiy, Dmitriy"]
[Result "0-1"]
[WhiteElo "1936"]
[BlackElo "2117"]
[PlyCount "70"]
[EventDate "2014.10.18"]
[EventType "swiss"]
[EventRounds "9"]
[EventCountry "RUS"]
[SourceTitle "EXT 2015"]
[Source "ChessBase"]
[SourceDate "2014.11.20"]
[SourceVersion "1"]
[SourceVersionDate "2014.11.20"]
[SourceQuality "1"]

1. e4 e6 2. d4 d5 3. Nd2 Nf6 4. e5 Nfd7 5. Bd3 c5 6. c3 Nc6 7. Ne2 cxd4 8. cxd4 f6 9. Nf4 Nxd4 10. Qh5+ Ke7 11. Ng6+ hxg6 12. exf6+ Nxf6 13. Qxh8 Kf7 14. Qh4 e5 15. Nf3 Nxf3+ 16. gxf3 Bf5 17. Bxf5 gxf5 18. 0-0 f4 19. Kh1 d4 20. Bd2 Qd5 21. Qh3 g5 22. Qg2 Bd6 23. Rfe1 Rg8 24. h3 Rh8 25. Kg1 Qe6 26. a3 Rxh3 27. Bb4 Bb8 28. Bc5 Qf5 29. Rac1 Rh4 30. Bxa7 Bxa7 31. Rc7+ Ke6 32. Rxb7 Bc5 33. Rg7 g4 34. Rc1 Bd6 35. fxg4 Rxg4 0-1

[Event "Chigorin Memorial 22nd"]
[Site "St Petersburg"]
[Date "2014.10.18"]
[Round "1"]
[White "Ngnegevo, Filipp"]
[Black "Demianjuk, Alexander"]
[Result "0-1"]
[WhiteElo "1936"]
[BlackElo "2342"]
[PlyCount "120"]
[EventDate "2014.10.18"]
[EventType "swiss"]
[EventRounds "9"]
[EventCountry "RUS"]
[SourceTitle "EXT 2015"]
[Source "ChessBase"]
[SourceDate "2014.11.20"]
[SourceVersion "1"]
[SourceVersionDate "2014.11.20"]
[SourceQuality "1"]

1. e4 c5 2. Nf3 d6 3. d4 cxd4 4. Nxd4 Nf6 5. Nc3 a6 6. h3 e5 7. Nde2 b5 8. Bg5 Bb7 9. Bxf6 Qxf6 10. Nd5 Qd8 11. Nec3 Nc6 12. g3 Be7 13. Bg2 0-0 14. 0-0 Rc8 15. Ne2 Na5 16. c3 Nc4 17. b3 Nb6 18. Ne3 g6 19. h4 Qc7 20. Qd2 Qc5 21. Rad1 Rfd8 22. h5 Bg5 23. f4 exf4 24. gxf4 Bf6 25. hxg6 hxg6 26. Rc1 Re8 27. Qd3 Nd5 28. e5 Nxe3 29. Bxb7 Nxf1+ 30. Kxf1 dxe5 31. Bxc8 Qxc8 32. c4 exf4 33. cxb5 Qg4 34. Rc4 Rd8 35. Rxf4 Qxf4+ 36. Nxf4 Rxd3 37. Nxd3 axb5 38. a4 bxa4 39. bxa4 Bc3 40. Nf4 Kf8 41. Ke2 Ba5 42. Kf3 Ke7 43. Kg4 Bd2 44. Nd3 Kd6 45. Kf3 f5 46. Ke2 Ba5 47. Kf3 g5 48. Nc1 Kd5 49. Nd3 Kd4 50. Nc1 Kc4 51. Ne2 Kd5 52. Nc1 Bc7 53. Nd3 Kd4 54. Nc1 g4+ 55. Kf2 Ke4 56. Ne2 f4 57. Nc3+ Ke5 58. Nd1 Bb6+ 59. Kg2 Bd4 60. a5 Kf5 0-1

[Event "St Petersburg Blockade op"]
[Site "St Petersburg"]
[Date "2012.01.03"]
[Round "1"]
[White "Gusev, Boris"]
[Black "Ngnegevo, Filipp"]
[Result "0-1"]
[WhiteElo "1715"]
[BlackElo "1991"]
[PlyCount "84"]
[EventDate "2012.01.03"]
[EventType "swiss"]
[EventRounds "9"]
[EventCountry "RUS"]
[SourceTitle "EXT 2014"]
[Source "ChessBase"]
[SourceDate "2013.11.20"]
[SourceVersion "1"]
[SourceVersionDate "2013.11.20"]
[SourceQuality "1"]

1. Nf3 d5 2. d4 Nf6 3. Nc3 e6 4. Bg5 Bb4 5. a3 Bxc3+ 6. bxc3 Nbd7 7. e3 c5 8. c4 cxd4 9. exd4 0-0 10. Ne5 Qa5+ 11. Qd2 Qxd2+ 12. Bxd2 dxc4 13. Bxc4 Nxe5 14. dxe5 Nd7 15. Bb4 Re8 16. f4 Nb6 17. Bb5 Bd7 18. Bxd7 Nxd7 19. Ke2 Rac8 20. Rhd1 Nb6 21. Rd6 Rxc2+ 22. Kf3 Rec8 23. Rad1 Nd5 24. f5 R2c6 25. Rd7 R6c7 26. Rd6 Re8 27. Be1 b6 28. Rd3 Kf8 29. Bd2 h6 30. g4 Rc4 31. h3 Ra4 32. h4 h5 33. gxh5 Rxh4 34. Kg3 Rxh5 35. fxe6 fxe6 36. Rd7 Re7 37. Rd8+ Re8 38. Rd7 Re7 39. Rd8+ Kf7 40. Rf3+ Kg6 41. Bb4 Nxb4 42. axb4 Rxe5 0-1